Statistiques concernant Culture Générale - Série 79

Cliquez ici pour prendre le quiz!

Statistiques générales

  • Ce quiz a été pris 555 fois
  • Le résultat moyen est 7 sur 10

Statistiques - réponses

QuestionRéponse% Correct
Combien de membres composaient le groupe "Téléphone" ?4
97%
Quelle profession est concernée par le serment d'Hippocrate ?Médecin
96%
Quel genre d'animal est le silure ?Poisson
86%
Au rugby, quel nom porte le fait de marquer en aplatissant le ballon ?Essai
83%
Sous quel nom est plus connu l'acide désoxyribonucléique ?ADN
71%
A quel compositeur doit-on la célèbre "Chevauchée des Walkyries" ?Richard Wagner
68%
Quel syndicat a été dirigé par Marc Blondel ?FO
56%
Dans quel sport pratique-t-on "l'arraché" et "l'épaulé jeté" ?Haltérophilie
54%
Par quel terme désigne-t-on une partie nulle aux échecs ?Pat
51%
Qui fait un strip-tease d'anthologie dans "la Folie des grandeurs" ?Alice Sapritch
31%

Distribution des résultats

Percentile par nombre de réponses

% des personnes avec chaque résultat

Votre développement - résultats

Vous n’avez pas pris ce quiz